| 000 | 02279nam a22004574a 4500 | ||
|---|---|---|---|
| 001 | ebr10214170 | ||
| 003 | CaPaEBR | ||
| 006 | m u | ||
| 007 | cr cn||||||||| | ||
| 008 | 070220s2007 ohuabf sb s001 0 eng | ||
| 010 | _z 2007007032 | ||
| 020 | _z9780821417515 (cloth : alk. paper) | ||
| 020 | _z0821417517 (cloth : alk. paper) | ||
| 020 | _z9780821417522 (pbk. : alk. paper) | ||
| 020 | _z0821417525 (pbk. : alk. paper) | ||
| 040 |
_aCaPaEBR _cCaPaEBR |
||
| 035 | _a(OCoLC)638279507 | ||
| 043 |
_ae-fr--- _aff----- |
||
| 050 | 1 | 4 |
_aGF702 _b.D38 2007eb |
| 082 | 0 | 4 |
_a304.20961 _222 |
| 100 | 1 | _aDavis, Diana K. | |
| 245 | 1 | 0 |
_aResurrecting the granary of Rome _h[electronic resource] : _benvironmental history and French colonial expansion in North Africa / _cDiana K. Davis. |
| 260 |
_aAthens : _bOhio University Press, _cc2007. |
||
| 300 |
_axv, 296 p., 8 p. of plates : _bill. (some col.), maps. |
||
| 490 | 1 | _aOhio University Press series in ecology and history | |
| 504 | _aIncludes bibliographical references (p. [263]-288) and index. | ||
| 505 | 0 | _aImperial stories and empirical evidence -- Nature, empire, and narrative origins, 1830-48 -- Idealism, capitalism, and the development of the narrative, 1848-70 -- Triumph of the narrative, 1871-1918 -- Narrative, science, policy, and practice, 1919 to independence -- Decolonization, the colonial narrative, and environmental policy today. | |
| 533 |
_aElectronic reproduction. _bPalo Alto, Calif. : _cebrary, _d2013. _nAvailable via World Wide Web. _nAccess may be limited to ebrary affiliated libraries. |
||
| 650 | 0 |
_aHuman ecology _zAfrica, North _xHistory. |
|
| 650 | 0 |
_aDesertification _zAfrica, North. |
|
| 650 | 0 |
_aDeforestation _zAfrica, North. |
|
| 651 | 0 |
_aAfrica, North _xEnvironmental conditions. |
|
| 651 | 0 |
_aAfrica, North _xHistory _y1517-1882. |
|
| 651 | 0 |
_aAfrica, North _xHistory _y1882- |
|
| 651 | 0 |
_aFrance _xColonies _zAfrica _xHistory. |
|
| 651 | 0 |
_aFrance _xColonies _zAfrica _xEconomic policy. |
|
| 655 | 7 |
_aElectronic books. _2local |
|
| 710 | 2 | _aebrary, Inc. | |
| 830 | 0 | _aOhio University Press series in ecology and history. | |
| 856 | 4 | 0 |
_uhttp://site.ebrary.com/lib/rucke/Doc?id=10214170 _zAn electronic book accessible through the World Wide Web; click to view |
| 999 |
_c229299 _d229299 |
||